00530nam a22001817a 450000500170000001000130001702000260003003500130005603700090006908200080007810000170008624500450010326000370014827000530018530000210023849000470025950000420030620211011122826.0 aB-741729 a9788190960625c450.00 aB-741729 bGift a616 aVerma,D.Anis14aWhy can't I breathe? /cby-D.Anis Verma aDelhibKids knowledge bankc2018 a7/20,60 Feet road,Yudhishtra galibDelhie110032 a54p:c24 cm(.HB) aKids Knowledge Guide of wellness & disease aWhy we get sick & how we can stay fit